000 01009nam a2200289 a 4500
001 7249
003 BD-RjUL
005 20211208234403.0
008 160922r19571953nju b 000 0 eng
035 _a(BD-RjUL)7291
040 _aDLC
_cODaWU
_dOCoLC
_dDLC
_dBD-RjUL
_beng
041 _aeng
082 0 0 _a515.93
_223
_bCON 1957
100 1 _aAhlfors, Lars V.
_q(Lars Valerian),
_d1907-1996,
_921571
245 1 0 _aContributions to the theory of Riemann surfaces :
_bcentennial celebration of Riemann's dissertation /
_cby L.V. Ahlfors ... [et. al.].
260 _aPrinceton, N.J. :
_bPrinceton University Press,
_cc1953 [printing 1957].
300 _av, 264 p. ;
_c26 cm.
504 _aIncludes bibliographies.
650 0 _aRiemann surfaces.
_919495
650 0 _aAnalysis (Calculus)
_9157270
700 1 _aKodaira, K.
_922653
700 1 _aBergman, S.
_922654
700 1 _aMorse, M. [and other].
_922655
942 _2ddc
_cBK
999 _c7249
_d7249